000
00295nam a2200145Ia 4500
100
_a
Berkun/Scott
942
_c
BK
366
_f
20
245
_a
Confessions of a Public Speaker
260
_b
Oreilly
_c
2009
082
_a
808.3
_b
BER
300
_a
222
546
_a
ENGLISH
_c
TTL
999
_c
23849
_d
23849